Toutes les villes de Fortnite Chapitre 2 - Statistiques

Statistiques générales
  • Ce quiz a été pris 270 fois
  • Le résultat moyen est 10 sur 35
Statistiques - réponses
Hint Réponse % Correct
Saison 2 L'Agence
70%
Saison 1 Salty Springs
67%
Saison 2 Le Requin
53%
Saison 1 Lazy Lake
51%
Saison 2 La Grotte
49%
Saison 1 Retail Row
49%
Saison 1 Slurpy Swamp
42%
Saison 2 La Plateforme
38%
Saison 2 Le Yacht
36%
Saison 1 Misty Meadows
36%
Saison 1 Weeping Woods
36%
Saison 1 Holly Hedges
32%
Saison 3 L'Autorité
32%
Saison 1 Frenzy Farm
31%
Saison 1 Pleasent Park
31%
Saison 4 Stark Industries
31%
Saison 1 Dirty Docks
30%
Saison 1 Steamy Stacks
29%
Saison 3 Catty Corner
27%
Saison 1 Craggy Cliffs
26%
Saison 1 Sweaty Sands
26%
Saison 5 Salty Towers
24%
Saison 4 Coral Castle
21%
Saison 3 La Flotille
21%
Saison 6 La Flèche
15%
Saison 5 Colossal Coliseum
9%
Saison 6 Boney Burbs
8%
Saison 7 Believer Beach
6%
Saison 3 Rickety Rig
6%
Saison 5 Stealthy Stronghold
5%
Saison 6 Colossal Crops
4%
Saison 5 Hunter's Haven
4%
Saison 7 Corny Complex
3%
Saison 8 Sludgy Swamp
3%
Saison 4 Repaire de Fatalis
1%
Aucun quiz correspondant
Distribution des résultats
% des personnes avec chaque résultat
Percentile par nombre de réponses
Votre historique - résultats
Vous n’avez pas pris ce quiz